[Event "2022 Wolfgang Leonhardt Cup"]
[Site "Woodvale, Perth WA AUS"]
[Date "2022.08.24"]
[Round "3"]
[White "De Vas, Saminda"]
[Black "Maggs, Derwent"]
[Result "1-0"]
[EventDate "2022.08.10"]
[EventType "swiss"]
[EventRounds "7"]
[EventCountry "AUS"]
[TimeControl "3600+30"]
[WhiteElo "2031"]
[BlackElo "2340"]
[PlyCount "119"]

1. d4 Nf6 2. c4 g6 3. Nc3 Bg7 4. e4 d6 5. f3 O-O 6. Bd3 c5 7. d5 e6 8. Bg5 Qa5
9. Qd2 a6 10. Nge2 exd5 11. Nxd5 Qxd2+ 12. Kxd2 Nxd5 13. exd5 Re8 14. Nc3 Bf5
15. Bxf5 gxf5 16. Rae1 Nd7 17. b3 h6 18. Rxe8+ Rxe8 19. Bf4 Ne5 20. Re1 Kh7 21.
Nd1 b5 22. Ne3 Kg6 23. h4 Rb8 24. h5+ Kf6 25. Bxe5+ dxe5 26. g4 fxg4 27. fxg4
Bf8 28. Kd3 bxc4+ 29. Nxc4 Re8 30. Ke4 Ke7 31. Kf5 f6 32. d6+ Kf7 33. d7 Rb8
34. Rd1 Be7 35. Nd6+ Kg7 36. Ke6 Bd8 37. Ne8+ Kf8 38. Kd6 Rb6+ 39. Kxc5 Ke7 40.
Ng7 Rb5+ 41. Kc4 Rb6 42. Nf5+ Ke6 43. Nxh6 Rc6+ 44. Kb4 Rc2 45. a3 Rg2 46. Ka4
Rf2 47. b4 Rf4 48. Rd2 Re4 49. Kb3 Re3+ 50. Kb2 Rf3 51. a4 Rf4 52. Kc3 a5 53.
b5 Rxa4 54. Rb2 Kxd7 55. b6 Kc8 56. Nf7 Be7 57. h6 Bf8 58. h7 Bg7 59. b7+ Kb8
60. Nd8 1-0

[Event "2022 Wolfgang Leonhardt Cup"]
[Site "Woodvale, Perth WA AUS"]
[Date "2022.08.24"]
[Round "3"]
[White "Hernandez Mendez, Iker"]
[Black "Clarke, Daniel"]
[Result "1-0"]
[EventDate "2022.08.10"]
[EventType "swiss"]
[EventRounds "7"]
[EventCountry "AUS"]
[TimeControl "3600+30"]
[WhiteElo "1826"]
[BlackElo "1784"]
[PlyCount "113"]

1. e4 e5 2. Nf3 Nc6 3. Bb5 a6 4. Bxc6 dxc6 5. O-O Bg4 6. h3 h5 7. d3 Qf6 8. Be3
Bxf3 9. Qxf3 Qxf3 10. gxf3 Bd6 11. Nd2 f5 12. Nc4 f4 13. Bd2 Ne7 14. Bc3 Ng6
15. Kh1 b5 16. Rg1 Kf7 17. Rxg6 Kxg6 18. Nxe5+ Kh7 19. Nxc6 a5 20. Rg1 Rhg8 21.
Rg5 b4 22. Bd2 Kh6 23. h4 Ra6 24. Ne5 Bxe5 25. Rxe5 Rf8 26. Kg1 Rc6 27. c3 Rd6
28. d4 bxc3 29. Bxc3 a4 30. Ra5 Rff6 31. Ra7 Rc6 32. Kf1 Rf7 33. Rxa4 g5 34. d5
Rb6 35. Bd4 Rg6 36. e5 gxh4 37. e6 Rfg7 38. Bxg7+ Rxg7 39. Rxf4 Kg5 40. Rf7 Rg8
41. e7 Re8 42. a4 Kg6 43. Rf4 Rxe7 44. Rxh4 Rd7 45. Rd4 Kf5 46. Ke2 c5 47. Rd1
Re7+ 48. Kd3 Kf4 49. d6 Ra7 50. Ke2 Rd7 51. Rd5 h4 52. Rh5 Rxd6 53. Rxh4+ Kg5
54. Rc4 Rc6 55. b4 Re6+ 56. Re4 Ra6 57. bxc5 1-0

[Event "2022 Wolfgang Leonhardt Cup"]
[Site "Woodvale, Perth WA AUS"]
[Date "2022.08.24"]
[Round "3"]
[White "Janceski, Alex"]
[Black "Maris, Rob"]
[Result "1/2-1/2"]
[EventDate "2022.08.10"]
[EventType "swiss"]
[EventRounds "7"]
[EventCountry "AUS"]
[TimeControl "3600+30"]
[WhiteElo "1930"]
[BlackElo "2072"]
[PlyCount "87"]

1. d4 Nf6 2. Nf3 e6 3. g3 b6 4. Bg2 Bb7 5. O-O c5 6. c3 d5 7. Re1 Bd6 8. b3
Nbd7 9. Bb2 Ne4 10. Nbd2 f5 11. e3 Qe7 12. c4 O-O 13. Rc1 Rad8 14. Nxe4 fxe4
15. Nd2 Nf6 16. f3 exf3 17. Bxf3 e5 18. Bg2 Rfe8 19. cxd5 exd4 20. exd4 Qxe1+
21. Qxe1 Rxe1+ 22. Rxe1 Bxd5 23. Bxd5+ Nxd5 24. Ne4 cxd4 25. Bxd4 Bb4 26. Re2
Nf4 27. gxf4 Rxd4 28. Kg2 g6 29. Kf3 Rd3+ 30. Re3 Rxe3+ 31. Kxe3 h5 32. h3 Kf7
33. Kd4 Ke6 34. Ke3 Ba3 35. Nc3 Bb2 36. Nd1 Bc1+ 37. Ke4 Kd6 38. Nf2 Bd2 39.
Nd3 Bc3 40. a3 b5 41. a4 bxa4 42. bxa4 Ke6 43. Nc5+ Kd6 44. Nd3 1/2-1/2

[Event "2022 Wolfgang Leonhardt Cup"]
[Site "Woodvale, Perth WA AUS"]
[Date "2022.08.24"]
[Round "3"]
[White "Gough, Dylan"]
[Black "Stortz, Robert"]
[Result "1/2-1/2"]
[EventDate "2022.08.10"]
[EventType "swiss"]
[EventRounds "7"]
[EventCountry "AUS"]
[TimeControl "3600+30"]
[WhiteElo "1710"]
[BlackElo "1871"]
[PlyCount "75"]

1. d4 d5 2. c4 c6 3. e3 e6 4. Nc3 Nf6 5. cxd5 exd5 6. Bd3 Bd6 7. Nge2 O-O 8. h3
Re8 9. O-O Nbd7 10. Bd2 Nf8 11. Qc2 Bd7 12. e4 dxe4 13. Nxe4 Nxe4 14. Bxe4 Qh4
15. f4 Re7 16. Be1 Qh5 17. Ng3 Qb5 18. a4 Qb6 19. Bc3 Rae8 20. Rad1 Qc7 21. Bd2
h6 22. Bd3 Bc8 23. Ne4 Ne6 24. Nxd6 Qxd6 25. Bc3 Nxf4 26. Qd2 Nxd3 27. Qxd3 Qd5
28. Rf3 Re6 29. Rdf1 R6e7 30. Rg3 g6 31. Qd2 Kh7 32. Qf2 Bf5 33. Re1 Rxe1+ 34.
Bxe1 Qe4 35. Bc3 Qb1+ 36. Kh2 Qe4 37. Rf3 Qd5 38. g4 1/2-1/2

[Event "2022 Wolfgang Leonhardt Cup"]
[Site "Woodvale, Perth WA AUS"]
[Date "2022.08.24"]
[Round "3"]
[White "Knight, Charles"]
[Black "Gibson, Jacob"]
[Result "0-1"]
[EventDate "2022.08.10"]
[EventType "swiss"]
[EventRounds "7"]
[EventCountry "AUS"]
[TimeControl "3600+30"]
[WhiteElo "1445"]
[BlackElo "1864"]
[PlyCount "86"]

1. d4 Nf6 2. Bf4 d5 3. e3 c5 4. c3 Qb6 5. Qb3 c4 6. Qc2 Nc6 7. Nd2 Bg4 8. h3
Bh5 9. Be2 Bg6 10. Qc1 e6 11. Ngf3 Rd8 12. O-O Bd6 13. Bxd6 Rxd6 14. Ne5 Bf5
15. Ndf3 h6 16. Nh4 Bh7 17. f4 Ne4 18. Kh1 Qd8 19. Qe1 b5 20. f5 exf5 21. Nxf5
Bxf5 22. Rxf5 O-O 23. Qf1 Qc7 24. Qf4 g5 25. Qf3 Re6 26. Kg1 Nxe5 27. dxe5 Rxe5
28. Rf1 Nd2 29. Qh5 Nxf1 30. Rxf1 Kg7 31. Rf3 Re4 32. Rf5 Qg3 33. Rf3 Qh4 34.
Qxh4 Rxh4 35. Rf5 Rd8 36. Bf3 Kg6 37. Rxd5 Rxd5 38. Bxd5 a5 39. Kf2 f5 40. Kg3
f4+ 41. exf4 Rxf4 42. Bc6 b4 43. cxb4 axb4 0-1

[Event "2022 Wolfgang Leonhardt Cup"]
[Site "Woodvale, Perth WA AUS"]
[Date "2022.08.24"]
[Round "3"]
[White "Doshi, Chirag"]
[Black "De Vas, Yonal"]
[Result "0-1"]
[EventDate "2022.08.10"]
[EventType "swiss"]
[EventRounds "7"]
[EventCountry "AUS"]
[TimeControl "3600+30"]
[WhiteElo "1825"]
[BlackElo "1523"]
[PlyCount "62"]

1. e4 c5 2. Nf3 Nc6 3. d4 cxd4 4. Nxd4 g6 5. Be3 Bg7 6. c3 Nf6 7. Nxc6 bxc6 8.
Bd3 O-O 9. Nd2 d5 10. f3 dxe4 11. Nxe4 Rb8 12. Nxf6+ Bxf6 13. Qc2 Rxb2 14. Qxb2
Qxd3 15. Bd4 Bh4+ 16. g3 Qxf3 17. Rf1 Qe4+ 18. Qe2 Qxe2+ 19. Kxe2 Ba6+ 20. Kf2
Bxf1 21. Rxf1 Bf6 22. Ke3 Bxd4+ 23. Kxd4 f6 24. Kc5 Kf7 25. Re1 e5 26. c4 Rc8
27. g4 Ke6 28. Rd1 e4 29. h3 Ke5 30. Rd7 e3 31. Rxa7 Re8 0-1

[Event "2022 Wolfgang Leonhardt Cup"]
[Site "Woodvale, Perth WA AUS"]
[Date "2022.08.24"]
[Round "3"]
[White "Leonhardt, Wolfgang"]
[Black "Saxon, Marc"]
[Result "1/2-1/2"]
[EventDate "2022.08.10"]
[EventType "swiss"]
[EventRounds "7"]
[EventCountry "AUS"]
[TimeControl "3600+30"]
[WhiteElo "1776"]
[BlackElo "2015"]
[PlyCount "71"]

1. d4 Nf6 2. c4 g6 3. Nc3 d5 4. c5 Bg7 5. Nf3 O-O 6. Bf4 Nc6 7. e3 Nh5 8. Bg3
Bg4 9. Be2 Qd7 10. Qa4 a6 11. h3 Nxg3 12. fxg3 Bxf3 13. Bxf3 Qe6 14. Kf2 Rad8
15. Rae1 Qf6 16. Ne2 e5 17. Kg1 e4 18. Rf1 Qe7 19. Bh5 gxh5 20. Nf4 Qg5 21. Qd1
Qxg3 22. Nxh5 Qxe3+ 23. Kh2 Ne7 24. Nxg7 Kxg7 25. Qg4+ Kh8 26. Qh5 Ng6 27. Rf5
Nf4 28. Qh6 Qxd4 29. Qxf4 Rde8 30. Rf1 Qxc5 31. Kh1 Qd6 32. Qh4 Rg8 33. Rxf7
Qg6 34. g4 Re6 35. Rxc7 Qh6 36. Qg3 1/2-1/2

[Event "2022 Wolfgang Leonhardt Cup"]
[Site "Woodvale, Perth WA AUS"]
[Date "2022.08.24"]
[Round "3"]
[White "Hintz, Steven"]
[Black "Oswald, Franz"]
[Result "0-1"]
[EventDate "2022.08.10"]
[EventType "swiss"]
[EventRounds "7"]
[EventCountry "AUS"]
[TimeControl "3600+30"]
[WhiteElo "1572"]
[BlackElo "1551"]
[PlyCount "86"]

1. d4 Nf6 2. c4 e6 3. Nf3 b6 4. g3 Bb7 5. Bg2 Be7 6. Nc3 Ne4 7. Qc2 Nxc3 8.
Qxc3 O-O 9. O-O c5 10. e3 d6 11. b3 Qc8 12. Bb2 Bf6 13. Qd2 Nd7 14. Rfe1 Be4
15. Qe2 Qb7 16. Rad1 Rad8 17. Rd2 d5 18. cxd5 exd5 19. Rc1 Rfe8 20. Qd1 Rc8 21.
Bh3 c4 22. Ne1 cxb3 23. Rxc8 Rxc8 24. Qxb3 Rc7 25. Ba3 Nf8 26. Nd3 Ne6 27. Ne1
Ng5 28. Bf1 Qc8 29. h4 Nf3+ 30. Nxf3 Bxf3 31. Be2 Rc3 32. Qb2 Bxe2 33. Rxe2 Qc4
34. Rd2 Qc7 35. Kg2 Rc4 36. Qb3 Qc6 37. Rd3 h5 38. Kf3 Qc8 39. Bb2 Qg4+ 40. Kg2
Bxh4 41. Qb5 Qe4+ 42. Kh3 Qxd3 43. Kxh4 Rxd4+ 0-1

[Event "2022 John Brooke Cup"]
[Site "Woodvale, Perth WA AUS"]
[Date "2022.08.24"]
[Round "3"]
[White "Massam, Justin"]
[Black "Brooke, John"]
[Result "1/2-1/2"]
[EventDate "2022.08.10"]
[EventType "swiss"]
[EventRounds "7"]
[EventCountry "AUS"]
[TimeControl "3600+30"]
[WhiteElo "1442"]
[BlackElo "1346"]
[PlyCount "129"]

1. d4 d5 2. Bf4 Bf5 3. Nf3 e6 4. e3 a6 5. Bd3 Ne7 6. O-O Bg6 7. Re1 Nd7 8. Nbd2
Nf6 9. Ne5 Bxd3 10. cxd3 h6 11. Rc1 Rc8 12. h3 Neg8 13. a3 Bd6 14. Ndf3 Ne7 15.
Qb3 b5 16. Rc3 O-O 17. Rec1 Nd7 18. Nxd7 Qxd7 19. Ne5 Qd8 20. Nc6 Nxc6 21. Rxc6
Bxf4 22. exf4 Qf6 23. Rxa6 Qxf4 24. Qc3 Qf6 25. Ra7 c6 26. Ra6 Rfd8 27. Rxc6
Rxc6 28. Qxc6 Qxd4 29. Qxb5 Qf6 30. a4 Qf4 31. Rb1 Rb8 32. Qc6 Qb4 33. Qa6 Rb6
34. Qc8+ Kh7 35. b3 g5 36. Qc7 Kg6 37. g4 Qd4 38. a5 Ra6 39. Rd1 Qb4 40. Ra1
Qxb3 41. Qc8 Qxd3 42. Qg8+ Kf6 43. Qh8+ Ke7 44. Qxh6 Qg6 45. Qh8 Qf6 46. Qxf6+
Kxf6 47. Kf1 Ke5 48. Ra4 f6 49. Ke2 f5 50. f3 f4 51. Kd3 Kd6 52. Kd4 e5+ 53.
Kd3 Kc5 54. Kc3 Kb5 55. Ra2 d4+ 56. Kd3 Rxa5 57. Rd2 Kc5 58. Ke4 Kc4 59. Rc2+
Kb3 60. Rc6 Ra1 61. Kxe5 d3 62. Rd6 Re1+ 63. Kf5 Kc3 64. Rc6+ Kd4 65. Rd6+
1/2-1/2

[Event "2022 John Brooke Cup"]
[Site "Woodvale, Perth WA AUS"]
[Date "2022.08.24"]
[Round "3"]
[White "Boswarva, Ernest"]
[Black "Powell, Darren"]
[Result "0-1"]
[EventDate "2022.08.10"]
[EventType "swiss"]
[EventRounds "7"]
[EventCountry "AUS"]
[TimeControl "3600+30"]
[WhiteElo "1506"]
[BlackElo "1232"]
[PlyCount "52"]

1. d4 d5 2. e3 Nf6 3. Bd3 e6 4. Nd2 b6 5. e4 Bb7 6. Qe2 Nc6 7. c3 e5 8. exd5
Nxd5 9. Ngf3 Nf4 10. Qf1 exd4 11. Be4 dxc3 12. bxc3 Qe7 13. Nd4 O-O-O 14. f3
Nxd4 15. cxd4 Rxd4 16. Kf2 Bxe4 17. Nxe4 Nd3+ 18. Ke3 Qe5 19. Ke2 f5 20. Be3
Rd5 21. g3 Qb2+ 22. Nd2 Bb4 23. Rb1 Qxa2 24. Ra1 Qc2 25. Qb1 Qc3 26. Qa2 Ra5
0-1

[Event "2022 John Brooke Cup"]
[Site "Woodvale, Perth WA AUS"]
[Date "2022.08.24"]
[Round "3"]
[White "Gough, Sebastian"]
[Black "Browning, Thomas"]
[Result "0-1"]
[EventDate "2022.08.10"]
[EventType "swiss"]
[EventRounds "7"]
[EventCountry "AUS"]
[TimeControl "3600+30"]
[WhiteElo "1050"]
[BlackElo "1496"]
[PlyCount "66"]

1. Nf3 d5 2. d4 Nf6 3. Bf4 c5 4. e3 Nc6 5. Bb5 a6 6. Bxc6+ bxc6 7. Ne5 Qb6 8.
Nd2 e6 9. b3 cxd4 10. exd4 Qxd4 11. g3 Bb4 12. Nxc6 Bxd2+ 13. Bxd2 Qe4+ 14. Be3
Qxh1+ 15. Ke2 Qxd1+ 16. Rxd1 Ng4 17. h3 Nxe3 18. Kxe3 Bd7 19. Ne5 Rc8 20. c4 f6
21. Nxd7 Kxd7 22. cxd5 exd5 23. Rxd5+ Kc6 24. Rd4 Rhe8+ 25. Kd3 Rcd8 26. Rxd8
Rxd8+ 27. Kc3 Kb5 28. a4+ Ka5 29. Kc4 Rd2 30. g4 Rxf2 31. Kc3 Rf3+ 32. Kb2 Kb4
33. h4 Rxb3+ 0-1

[Event "2022 John Brooke Cup"]
[Site "Woodvale, Perth WA AUS"]
[Date "2022.08.24"]
[Round "3"]
[White "Watson, Jake"]
[Black "Rennie, Mike"]
[Result "1-0"]
[EventDate "2022.08.10"]
[EventType "swiss"]
[EventRounds "7"]
[EventCountry "AUS"]
[TimeControl "3600+30"]
[WhiteElo "1085"]
[BlackElo "880"]
[PlyCount "93"]

1. e4 e5 2. Nf3 d6 3. c3 Nc6 4. d4 Nf6 5. Bb5 Be7 6. d5 a6 7. Qa4 Ra7 8. dxc6
bxc6 9. Bxc6+ Bd7 10. Be3 Bxc6 11. Qxc6+ Qd7 12. Qxd7+ Kxd7 13. Bxa7 Ra8 14.
Be3 Nxe4 15. O-O Rb8 16. b3 d5 17. Nxe5+ Ke6 18. Nc6 Rb6 19. Bxb6 cxb6 20. Nxe7
Kxe7 21. Re1 f5 22. f3 Kd6 23. fxe4 dxe4 24. Nd2 Ke5 25. Nc4+ Kd5 26. Nxb6+ Ke5
27. Rad1 Kf4 28. g3+ Kf3 29. Rf1+ Ke2 30. g4 fxg4 31. Rfe1+ Kf3 32. Nc4 h5 33.
Re3+ Kf4 34. Rde1 h4 35. Rxe4+ Kf5 36. Nd6+ Kg5 37. c4 g3 38. hxg3 h3 39. c5
Kh6 40. c6 g5 41. c7 Kh5 42. c8=Q g4 43. Qc5+ Kg6 44. Re6+ Kg7 45. Nf5+ Kf7 46.
Qe7+ Kg8 47. Qg7# 1-0

[Event "2022 John Brooke Cup"]
[Site "Woodvale, Perth WA AUS"]
[Date "2022.08.24"]
[Round "3"]
[White "Lanham, Bruce"]
[Black "Leech, Martin"]
[Result "1-0"]
[EventDate "2022.08.10"]
[EventType "swiss"]
[EventRounds "7"]
[EventCountry "AUS"]
[TimeControl "3600+30"]
[WhiteElo "1168"]
[BlackElo "1476"]
[PlyCount "87"]

1. d4 d5 2. Nf3 Nf6 3. g3 c5 4. c4 dxc4 5. Qa4+ Bd7 6. Qxc4 e6 7. dxc5 Nc6 8.
b4 Be7 9. Bg2 O-O 10. O-O Qc7 11. Nc3 a6 12. a3 e5 13. Bb2 Be6 14. Qd3 Rfd8 15.
Qc2 h6 16. Rfd1 b6 17. cxb6 Qxb6 18. Ne4 Nd4 19. Nxd4 Rac8 20. Nxf6+ Bxf6 21.
Nc6 Bd7 22. Rac1 Bxc6 23. Rxd8+ Bxd8 24. Qc5 Bxg2 25. Qxc8 Bb7 26. Qc5 Qg6 27.
Qxe5 Bf6 28. Qb8+ Kh7 29. Bxf6 Qe4 30. f3 Qxe2 31. Qxb7 Qe3+ 32. Kg2 Qxc1 33.
Qe4+ Kg8 34. Qa8+ Kh7 35. Be7 Qc2+ 36. Kh3 Qf5+ 37. g4 Qe6 38. Qe4+ Qxe4 39.
fxe4 f6 40. a4 Kg6 41. b5 axb5 42. axb5 Kf7 43. b6 Kxe7 44. b7 1-0

[Event "2022 Wolfgang Leonhardt Cup"]
[Site "Woodvale, Perth WA AUS"]
[Date "2022.08.31"]
[Round "4"]
[White "Hernandez Mendez, Iker"]
[Black "De Vas, Saminda"]
[Result "0-1"]
[EventDate "2022.08.10"]
[EventType "swiss"]
[EventRounds "7"]
[EventCountry "AUS"]
[TimeControl "3600+30"]
[WhiteElo "1826"]
[BlackElo "2031"]
[PlyCount "74"]

1. e4 c5 2. d4 cxd4 3. c3 dxc3 4. Nxc3 Nc6 5. Nf3 d6 6. Bc4 a6 7. O-O Nf6 8.
Qe2 Bg4 9. Rd1 e6 10. Bf4 Nh5 11. Nd5 Nxf4 12. Nxf4 Ne5 13. Kh1 Bxf3 14. gxf3
Qf6 15. Bb5+ axb5 16. Qxb5+ Nd7 17. Nd3 Qxf3+ 18. Kg1 Qxe4 19. Rac1 Rd8 20. Kf1
Qd5 21. Qa4 b5 22. Qa7 Qa8 23. Qd4 Qh1+ 24. Ke2 Qxh2 25. Rh1 Qg2 26. Nf4 Qg4+
27. f3 Qg5 28. Rh5 Qf6 29. Qe4 Be7 30. Kf1 d5 31. Nxd5 exd5 32. Qxd5 O-O 33.
Rc6 Qxb2 34. Qe4 Nf6 35. Rxf6 Rd1+ 36. Qe1 Rxe1+ 37. Kxe1 Bxf6 0-1

[Event "2022 Wolfgang Leonhardt Cup"]
[Site "Woodvale, Perth WA AUS"]
[Date "2022.08.31"]
[Round "4"]
[White "De Vas, Yonal"]
[Black "Maggs, Derwent"]
[Result "0-1"]
[EventDate "2022.08.10"]
[EventType "swiss"]
[EventRounds "7"]
[EventCountry "AUS"]
[TimeControl "3600+30"]
[WhiteElo "1523"]
[BlackElo "2340"]
[PlyCount "62"]

1. d4 Nf6 2. c4 g6 3. Nc3 Bg7 4. Nf3 O-O 5. Bf4 d6 6. e4 Nbd7 7. Be2 c6 8. h3
Nh5 9. Bh2 e5 10. dxe5 dxe5 11. g4 Nf4 12. Bxf4 exf4 13. Qd2 Nc5 14. Qxf4 Nd3+
15. Bxd3 Qxd3 16. e5 Be6 17. c5 f6 18. Rd1 Qa6 19. exf6 Bxf6 20. Qe3 Bxc3+ 21.
Qxc3 Bd5 22. Rd3 Rae8+ 23. Kd2 Bxf3 24. Rd7 Qe2+ 25. Kc1 Qe5 26. Qxe5 Rxe5 27.
Rg1 Rxc5+ 28. Kb1 Be4+ 29. Ka1 Rf7 30. Rd8+ Kg7 31. Rgd1 Rxf2 0-1

[Event "2022 Wolfgang Leonhardt Cup"]
[Site "Woodvale, Perth WA AUS"]
[Date "2022.08.31"]
[Round "4"]
[White "Gibson, Jacob"]
[Black "Clarke, Daniel"]
[Result "1-0"]
[EventDate "2022.08.10"]
[EventType "swiss"]
[EventRounds "7"]
[EventCountry "AUS"]
[TimeControl "3600+30"]
[WhiteElo "1864"]
[BlackElo "1784"]
[PlyCount "67"]

1. e4 e5 2. Nf3 Nc6 3. Bb5 a6 4. Ba4 Nf6 5. O-O Nxe4 6. d4 b5 7. Bb3 d5 8. dxe5
Be6 9. Be3 Be7 10. c3 Nc5 11. Bc2 Nd7 12. Re1 Ndxe5 13. Nxe5 Nxe5 14. Bd4 Ng6
15. Bxg7 Rg8 16. Bh6 Bd6 17. g3 c6 18. a4 b4 19. Nd2 a5 20. Nf3 Kd7 21. Nd4 Qf6
22. Qh5 Ne5 23. Nxe6 fxe6 24. f4 Nf3+ 25. Qxf3 Qxh6 26. Kh1 Rg7 27. c4 d4 28.
Rad1 c5 29. Qxa8 Rxg3 30. Qb7+ Bc7 31. Rxe6 Kxe6 32. Qxc7 Qh5 33. f5+ Kf6 34.
Qxg3 1-0

[Event "2022 Wolfgang Leonhardt Cup"]
[Site "Woodvale, Perth WA AUS"]
[Date "2022.08.31"]
[Round "4"]
[White "Stortz, Robert"]
[Black "List, Ross"]
[Result "1-0"]
[EventDate "2022.08.10"]
[EventType "swiss"]
[EventRounds "7"]
[EventCountry "AUS"]
[TimeControl "3600+30"]
[WhiteElo "1871"]
[BlackElo "1755"]
[PlyCount "69"]

1. d4 Nf6 2. Bf4 e6 3. Nf3 c5 4. e3 b6 5. c3 Be7 6. Nbd2 O-O 7. h3 d5 8. Bd3
Ba6 9. Bxa6 Nxa6 10. Ne5 Qc8 11. Bh2 Nb8 12. f4 Nc6 13. O-O Bd6 14. Kh1 Ne7 15.
Qe2 cxd4 16. exd4 a6 17. a4 Qc7 18. Ndf3 Ne4 19. Nd2 f5 20. Ndf3 Nc6 21. Rg1
Bxe5 22. fxe5 Na5 23. Bf4 Qc4 24. Qxc4 Nxc4 25. Rab1 h6 26. Kh2 Rfc8 27. Ne1 b5
28. Nd3 Nb6 29. a5 Nd7 30. g4 fxg4 31. Rxg4 Kh7 32. Rbg1 Rg8 33. h4 g6 34. Be3
Raf8 35. Rf4 {Time expired} 1-0

[Event "2022 Wolfgang Leonhardt Cup"]
[Site "Woodvale, Perth WA AUS"]
[Date "2022.08.31"]
[Round "4"]
[White "Oswald, Franz"]
[Black "Gough, Dylan"]
[Result "1-0"]
[EventDate "2022.08.10"]
[EventType "swiss"]
[EventRounds "7"]
[EventCountry "AUS"]
[TimeControl "3600+30"]
[WhiteElo "1551"]
[BlackElo "1710"]
[PlyCount "139"]

1. d4 Nf6 2. c4 e6 3. Nc3 d5 4. Bg5 Be7 5. e3 h6 6. Bh4 b6 7. cxd5 Nxd5 8. Bxe7
Qxe7 9. Nf3 O-O 10. a3 Bb7 11. Bd3 Nd7 12. O-O c5 13. Re1 Rac8 14. Qe2 cxd4 15.
Nxd4 Nxc3 16. bxc3 e5 17. Nf5 Qf6 18. Ng3 Rxc3 19. Be4 Bc6 20. Qd2 Rc5 21. Qd3
Qe6 22. Bf5 Qe7 23. Red1 Rd5 24. Qc3 Nc5 25. Rxd5 Bxd5 26. Bc2 Rc8 27. Qd2 Nb3
28. Bxb3 Bxb3 29. Qb2 Ba4 30. h3 Rc2 31. Qb4 Qd7 32. Qe4 Qd2 33. Qf3 Bc6 34. e4
Rc1+ 35. Rxc1 Qxc1+ 36. Kh2 Qg5 37. Qd3 Qf6 38. f3 g6 39. Qa6 Qe7 40. Qc8+ Be8
41. Qc1 Kg7 42. Qc3 Qc5 43. Qb2 Qd4 44. Qc1 b5 45. Qc7 Bd7 46. Ne2 Qc4 47.
Qxe5+ Kh7 48. Qb2 a5 49. Nc3 b4 50. axb4 axb4 51. Nd5 Be6 52. Nxb4 Kg8 53. Qd2
Kg7 54. Nd5 Bxd5 55. exd5 Qc8 56. Qd4+ Kg8 57. Qf6 Qd7 58. d6 h5 59. Qe7 Qf5
60. d7 Qf4+ 61. Kg1 Qd4+ 62. Kf1 Qd3+ 63. Kf2 Qd4+ 64. Ke1 Qc3+ 65. Ke2 Qc2+
66. Ke1 Qc3+ 67. Kf2 Qd2+ 68. Kg3 h4+ 69. Kxh4 Qd4+ 70. Kg3 1-0

[Event "2022 Wolfgang Leonhardt Cup"]
[Site "Woodvale, Perth WA AUS"]
[Date "2022.08.31"]
[Round "4"]
[White "Knight, Charles"]
[Black "Garang, Kuol Awan"]
[Result "0-1"]
[EventDate "2022.08.10"]
[EventType "swiss"]
[EventRounds "7"]
[EventCountry "AUS"]
[TimeControl "3600+30"]
[WhiteElo "1445"]
[BlackElo "1645"]
[PlyCount "132"]

1. d4 e5 2. dxe5 Nc6 3. Nf3 Bc5 4. e3 Qe7 5. Be2 Nxe5 6. Nbd2 Nf6 7. h3 Bb6 8.
Nxe5 Qxe5 9. Nc4 Qd5 10. Qxd5 Nxd5 11. Bf3 Nb4 12. Nxb6 axb6 13. Kd2 Rxa2 14.
Rxa2 Nxa2 15. g4 O-O 16. Bd5 Nb4 17. Bb3 d5 18. c3 Na6 19. f4 Nc5 20. Bc2 Ne4+
21. Bxe4 dxe4 22. Rd1 h5 23. Rg1 hxg4 24. hxg4 Be6 25. b4 Bb3 26. Ke2 Rd8 27.
Bb2 Bc4+ 28. Ke1 Rd3 29. Rg3 Rd8 30. Rg2 g6 31. Rd2 Rxd2 32. Kxd2 Be6 33. g5
Bc4 34. Ke1 Kf8 35. Kf2 Ke8 36. Kg3 Kd7 37. Kg4 Be2+ 38. Kg3 Ke6 39. c4 Bxc4
40. Be5 c6 41. Bd4 Be2 42. Bxb6 Kd5 43. Kf2 Bf3 44. Ke1 Kc4 45. Bc5 Kb5 46. Be7
b6 47. Kd2 c5 48. bxc5 bxc5 49. Kc3 Be2 50. Bf8 Bg4 51. Be7 Be6 52. Bf8 Kc6 53.
Bg7 Kd5 54. Be5 Bh3 55. Bf6 Ke6 56. Be5 Bf1 57. Bf6 Bd3 58. Be5 f5 59. gxf6 Bb5
60. Kb3 Be8 61. Kc4 g5 62. Kxc5 g4 63. Bc3 g3 64. Be1 g2 65. Bf2 Kxf6 66. Kd4
Kf5 0-1

[Event "2022 Wolfgang Leonhardt Cup"]
[Site "Woodvale, Perth WA AUS"]
[Date "2022.08.31"]
[Round "4"]
[White "Hintz, Steven"]
[Black "Leonhardt, Wolfgang"]
[Result "1-0"]
[EventDate "2022.08.10"]
[EventType "swiss"]
[EventRounds "7"]
[EventCountry "AUS"]
[TimeControl "3600+30"]
[WhiteElo "1572"]
[BlackElo "1776"]
[PlyCount "119"]

1. d4 Nf6 2. c4 c6 3. Nf3 d5 4. cxd5 cxd5 5. Nc3 Bf5 6. Qb3 Qb6 7. Qxb6 axb6 8.
Bf4 e6 9. e3 Be7 10. Bb5+ Nc6 11. O-O O-O 12. a3 h6 13. h3 g5 14. Bh2 Na5 15.
Nd2 Ne4 16. Ncxe4 Bxe4 17. Nxe4 dxe4 18. Rac1 Rfc8 19. Bc7 Bd8 20. Bxd8 Rxd8
21. Rc7 Rac8 22. Rfc1 Rb8 23. R1c3 Rd5 24. Bc4 Rd6 25. Bb5 Kf8 26. Rd7 Rxd7 27.
Bxd7 Ke7 28. Bb5 Kd6 29. Kh2 Nc6 30. Kg3 Ne7 31. Ba4 Nd5 32. Rc1 f5 33. Bb3 Ne7
34. Rc3 h5 35. h4 Rg8 36. hxg5 Rxg5+ 37. Kh3 Rg4 38. g3 Rg7 39. Kh4 Rh7 40. Rc1
e5 41. dxe5+ Kxe5 42. Kg5 Rg7+ 43. Kh4 Kf6 44. Kh3 Ng6 45. Bd1 Ne5 46. Be2 Ng4
47. Bxg4 hxg4+ 48. Kg2 Rd7 49. Rc2 Ke6 50. Kf1 Kd6 51. Rd2+ Kc6 52. Rxd7 Kxd7
53. Ke2 Kc6 54. Kd2 b5 55. Kc3 Kc5 56. Kb3 b6 57. Kc3 Kd5 58. Kb4 Kc6 59. b3
Kc7 60. Kxb5 1-0

[Event "2022 John Brooke Cup"]
[Site "Woodvale, Perth WA AUS"]
[Date "2022.08.31"]
[Round "4"]
[White "Powell, Darren"]
[Black "Massam, Justin"]
[Result "0-1"]
[EventDate "2022.08.10"]
[EventType "swiss"]
[EventRounds "7"]
[EventCountry "AUS"]
[TimeControl "3600+30"]
[WhiteElo "1232"]
[BlackElo "1442"]
[PlyCount "68"]

1. e4 e5 2. Nf3 Nc6 3. Nc3 Bc5 4. Bc4 Nf6 5. d3 h6 6. O-O d6 7. h3 O-O 8. a3 a6
9. Nd5 Be6 10. b4 Ba7 11. Bb2 b5 12. Ba2 Bxd5 13. Bxd5 Nxd5 14. exd5 Ne7 15. c4
Ng6 16. Qd2 Nf4 17. Rae1 Ng6 18. Qc3 Re8 19. Nd2 Bd4 20. Qc2 Bxb2 21. Qxb2 Nf4
22. Re3 Qg5 23. g4 Qh4 24. Kh2 h5 25. Rg1 Qxf2+ 26. Kh1 Qxe3 27. Nf1 Qxh3+ 28.
Nh2 hxg4 29. Rxg4 Qxd3 30. Qf2 Nh3 31. Qg2 g6 32. Nf3 Nf4 33. Qf1 Kg7 34. Kg1
Nh3+ 0-1

[Event "2022 John Brooke Cup"]
[Site "Woodvale, Perth WA AUS"]
[Date "2022.08.31"]
[Round "4"]
[White "Brooke, John"]
[Black "Lanham, Bruce"]
[Result "1-0"]
[EventDate "2022.08.10"]
[EventType "swiss"]
[EventRounds "7"]
[EventCountry "AUS"]
[TimeControl "3600+30"]
[WhiteElo "1346"]
[BlackElo "1168"]
[PlyCount "101"]

1. d4 d5 2. Nc3 e6 3. a3 Nf6 4. Bf4 Bd6 5. Bg5 c5 6. Nf3 Nbd7 7. e3 O-O 8. Be2
h6 9. Bh4 a6 10. O-O b5 11. e4 Qc7 12. e5 cxd4 13. exd6 Qxd6 14. Nxd4 Bb7 15.
Bg3 Qe7 16. Nf3 Rfc8 17. Re1 Nc5 18. b4 Nce4 19. Nxe4 dxe4 20. Nd2 Rd8 21. Qc1
Rac8 22. Nb3 Bd5 23. Nc5 Rc6 24. Qb2 Nd7 25. Nxd7 Rxd7 26. Be5 f6 27. Bd4 Bc4
28. Bh5 Rd5 29. Bd1 Qd8 30. Bc5 Rd2 31. Qc3 Qd5 32. Be3 Rxd1 33. Rexd1 Be2 34.
Rxd5 Rxc3 35. Rd8+ Kf7 36. Rd7+ Kg6 37. Rd2 Bc4 38. Bd4 Rd3 39. cxd3 exd3 40.
f4 f5 41. Re1 Kf7 42. Re5 g6 43. Rc5 Ke7 44. Rc6 Bd5 45. Rxa6 Kd7 46. Rxd3 Bc4
47. Rd2 h5 48. Be5+ Ke7 49. Ra7+ Ke8 50. Bf6 h4 51. Rd8# 1-0